00251nam a2200109Ia 4500008004100000100001500041245003700056250000800093260002400101300000800125650000800133191201s2012 xx 000 0 und d aDHAKE, A M 0aTelevision and Video Engineering aRep c2012bTMHaN. Delhi a646 aECE